TV Moms Click Quiz - Statistics

General Stats
  • This quiz has been taken 279 times
    264 since last reset
  • The average score is 11 of 28
Answer Stats
Hint Explanation Answer % Correct
Peg Bundy Married With Children Katey Sagal
76%
Clair Huxtable The Cosby Show Phylicia Rashad
69%
Carol Brady The Brady Bunch Florence Henderson
66%
Lorelai Gilmore Gilmore Girls Lauren Graham
60%
Claire Dunphy Modern Family Julie Bowen
59%
Sophia Petrillo Golden Girls Estelle Getty
56%
Elyse Keaton Family Ties Meredith Baxter
56%
Edith Bunker All in the Family Jean Stapleton
55%
June Cleaver Leave it to Beaver Barbara Billingsley
52%
Marie Barone Everybody Loves Raymond Doris Roberts
50%
Kitty Forman That 70's Show Debra Jo Rupp
46%
Jill Taylor Home Improvement Patricia Richardson
42%
Maggie Seaver Growing Pains Joanna Kerns
41%
Morticia Addams The Addams Family Carolyn Jones
40%
Florida Evans Good Times Esther Rolle
38%
Olivia Walton The Waltons Michael Learned
38%
Mona Robinson Who's the Boss Katherine Helmond
35%
Violet Crawley Downton Abbey Maggie Smith
35%
Lucille Bluth Arrested Development Jessica Walter
33%
Lois Wilkerson Malcolm in the Middle Jane Kaczmarek
27%
Frankie Heck The Middle Patricia Heaton
26%
Livia Soprano The Sopranos Nancy Marchand
23%
Thelma Harper Mamas Family Vicki Lawrence
23%
Harriett Winslow Family Matters Jo Marie Payton
19%
Amy Matthews Boy Meets World Betsy Randle
17%
Annie Camden 7th Heaven Catherine Hicks
17%
Carol Foster Step by Step Suzanne Somers
17%
Vanessa Baxter Last Man Standing Nancy Travis
9%
No matching quizzes found
Score Distribution
Percent of People with Each Score
Percentile by Number Answered
Your Score History
You have not taken this quiz since the last reset